<?xml version="1.0" encoding="UTF-8"?>
<record
    xmlns:xsi="http://www.w3.org/2001/XMLSchema-instance"
    xsi:schemaLocation="http://www.loc.gov/MARC21/slim http://www.loc.gov/standards/marcxml/schema/MARC21slim.xsd"
    xmlns="http://www.loc.gov/MARC21/slim">

  <leader>01534nam a22001457a 4500</leader>
  <datafield tag="999" ind1=" " ind2=" ">
    <subfield code="c">529852</subfield>
    <subfield code="d">529852</subfield>
  </datafield>
  <controlfield tag="008">250509b           ||||| |||| 00| 0 eng d</controlfield>
  <datafield tag="100" ind1=" " ind2=" ">
    <subfield code="a">Smart, Sebastian</subfield>
    <subfield code="9">52962</subfield>
  </datafield>
  <datafield tag="245" ind1=" " ind2=" ">
    <subfield code="a">Justice in contention: The dynamics of legal mobilisation in caimanes&#x2019; environmental struggle</subfield>
  </datafield>
  <datafield tag="260" ind1=" " ind2=" ">
    <subfield code="a">Social &amp; Legal Studies  </subfield>
  </datafield>
  <datafield tag="300" ind1=" " ind2=" ">
    <subfield code="a">34(1), Feb, 2025: p.43-66</subfield>
  </datafield>
  <datafield tag="520" ind1=" " ind2=" ">
    <subfield code="a">This paper examines legal mobilisation in socio-environmental movements through the Caimanes case, a Chilean community opposing the Los Pelambres mining project. It integrates structural and agency perspectives, highlighting the community's adaptation to political and legal opportunities and focusing on distributive environmental justice. The study identifies two protest cycles: the first seeking compensation, leading to community divisions, and the second addressing mining externalities, fostering unity and solidarity. It discusses judicial mobilisation's limitations, including challenges in aligning community and legal advisors&#x2019; aims and constraints within the Chilean judicial system. The analysis, based on fieldwork and secondary sources, contributes to understanding legal strategies in environmental justice movements, emphasising strategic decision-making's importance.- Reproduced 

https://journals.sagepub.com/doi/full/10.1177/09646639241248915
</subfield>
  </datafield>
  <datafield tag="650" ind1=" " ind2=" ">
    <subfield code="a">Legal mobilisation, Socio-environmental movements, Extractives and environmental justice, Community activism in Chile. </subfield>
    <subfield code="9">52963</subfield>
  </datafield>
  <datafield tag="773" ind1=" " ind2=" ">
    <subfield code="a">Social &amp; Legal Studies  </subfield>
  </datafield>
  <datafield tag="942" ind1=" " ind2=" ">
    <subfield code="c">AR</subfield>
  </datafield>
  <datafield tag="952" ind1=" " ind2=" ">
    <subfield code="0">0</subfield>
    <subfield code="1">0</subfield>
    <subfield code="2">ddc</subfield>
    <subfield code="4">0</subfield>
    <subfield code="7">0</subfield>
    <subfield code="9">405038</subfield>
    <subfield code="a">IIPA</subfield>
    <subfield code="b">IIPA</subfield>
    <subfield code="d">2025-05-09</subfield>
    <subfield code="h">34(1), Feb, 2025: p.43-66</subfield>
    <subfield code="p">AR135687</subfield>
    <subfield code="r">2025-05-09</subfield>
    <subfield code="y">AR</subfield>
  </datafield>
</record>
